Guillaume Perrier, La Mémoire du lecteur. Essai sur Albertine disparue et Le Temps retrouvé. Paris, Classiques Garnier, 2011. Un vol. de 318 p. (notice n° 1655187)
[ vue normale ]
| 000 -LEADER | |
|---|---|
| fixed length control field | 00618cam a2200145 4500500 |
| 005 - DATE AND TIME OF LATEST TRANSACTION | |
| control field | 20260208010121.0 |
| 041 ## - LANGUAGE CODE | |
| Language code of text/sound track or separate title | fre |
| 042 ## - AUTHENTICATION CODE | |
| Authentication code | dc |
| 100 10 - MAIN ENTRY--PERSONAL NAME | |
| Personal name | Rey, Pierre-Louis |
| Relator term | author |
| 245 00 - TITLE STATEMENT | |
| Title | Guillaume Perrier, La Mémoire du lecteur. Essai sur Albertine disparue et Le Temps retrouvé. Paris, Classiques Garnier, 2011. Un vol. de 318 p. |
| 260 ## - PUBLICATION, DISTRIBUTION, ETC. | |
| Date of publication, distribution, etc. | 2013.<br/> |
| 500 ## - GENERAL NOTE | |
| General note | 27 |
| 786 0# - DATA SOURCE ENTRY | |
| Note | Revue d'histoire littéraire de la France | 113 | 1 | 2013-02-18 | p. 147zv-240zv | 0035-2411 |
| 856 41 - ELECTRONIC LOCATION AND ACCESS | |
| Uniform Resource Identifier | <a href="https://shs.cairn.info/revue-d-histoire-litteraire-de-la-france-2013-1-page-147zv?lang=fr&redirect-ssocas=7080">https://shs.cairn.info/revue-d-histoire-litteraire-de-la-france-2013-1-page-147zv?lang=fr&redirect-ssocas=7080</a> |
Pas d'exemplaire disponible.




Réseaux sociaux